[Event "British Columbia-Nova Scotia School m"]
[Site "Online"]
[Date "2022.03.05"]
[Round "2.12"]
[White "Kerr, Callum"]
[Black "Fillmore, Louis"]
[Result "0-1"]
[WhiteElo "777"]
[BlackElo "658"]
[PlyCount "62"]
[EventDate "2022.03.05"]
[EventType "team (rapid)"]
[EventRounds "2"]
[EventCountry "CAN"]

1. d4 d5 2. Bf4 Bf5 3. Nf3 c6 4. e3 e6 5. Bd3 Bxd3 6. Qxd3 Nf6 7. O-O Bd6 8.
Bxd6 Qxd6 9. Nbd2 O-O 10. e4 dxe4 11. Nxe4 Nxe4 12. Qxe4 Nd7 13. Ng5 Nf6 14.
Rfd1 Nxe4 15. Nxe4 Qd5 16. Ng3 Qb5 17. b3 Rad8 18. c4 Qg5 19. Ne4 Qf4 20. Ng3
Rxd4 21. Nh5 Rxd1+ 22. Rxd1 Qg4 23. f3 Qxh5 24. g4 Qh3 25. Kh1 Qxf3+ 26. Kg1
Qxd1+ 27. Kg2 Rd8 28. Kh3 Rd3+ 29. Kh4 Qf3 30. h3 Qxh3+ 31. Kg5 Qh6# 0-1

[Event "British Columbia-Nova Scotia School m"]
[Site "Online"]
[Date "2022.03.05"]
[Round "2.15"]
[White "Wong, Bowen"]
[Black "Wang, Andy"]
[Result "1/2-1/2"]
[WhiteElo "1488"]
[BlackElo "1459"]
[PlyCount "210"]
[EventDate "2022.03.05"]
[EventType "team (rapid)"]
[EventRounds "2"]
[EventCountry "CAN"]

1. e4 e5 2. Nf3 Nc6 3. Bb5 a6 4. Bxc6 dxc6 5. Nxe5 Qd4 6. Nf3 Qxe4+ 7. Qe2
Qxe2+ 8. Kxe2 Nf6 9. Re1 Be6 10. Kf1 O-O-O 11. d4 Be7 12. Nc3 Rhe8 13. Bf4 Nd5
14. Nxd5 Bxd5 15. Nd2 Bd6 16. Bxd6 cxd6 17. c4 Be6 18. b3 b5 19. Rac1 Kd7 20.
Ne4 bxc4 21. bxc4 Rb8 22. c5 Bxa2 23. Nxd6 Rxe1+ 24. Rxe1 Rb4 25. Ra1 Bc4+ 26.
Ke1 Bb5 27. Nxb5 axb5 28. Ra7+ Ke6 29. Rc7 Rxd4 30. Rxc6+ Kd5 31. Rc7 Rf4 32.
c6 Kd6 33. Rc8 Rc4 34. Rf8 Rxc6 35. Rxf7 Rc7 36. Rf5 Rb7 37. Kd2 b4 38. Kc2 b3+
39. Kb2 Ke6 40. Rf3 Ke5 41. Rxb3 Rc7 42. Rc3 Ra7 43. Kc1 g5 44. Kd2 h5 45. Rc5+
Kf4 46. g3+ Kg4 47. Ke2 Ra2+ 48. Kf1 Kf3 49. Rc3+ Kg4 50. Kg2 h4 51. h3+ Kh5
52. Kf3 hxg3 53. fxg3 Ra4 54. Re3 Ra5 55. Re6 Rf5+ 56. Ke4 Rf1 57. g4+ Kh4 58.
Rh6+ Kg3 59. Rh5 Rf8 60. Rxg5 Kxh3 61. Rf5 Rg8 62. Kf3 Rxg4 63. Rf7 Ra4 64.
Rh7+ Rh4 65. Rg7 Ra4 66. Rg8 Ra3+ 67. Kf4 Ra4+ 68. Ke3 Ra3+ 69. Kd4 Rg3 70. Rf8
Rg4+ 71. Ke3 Kg3 72. Rf1 Kh4 73. Kf3 Kg5 74. Re1 Rf4+ 75. Kg3 Rg4+ 76. Kf3 Rf4+
77. Ke3 Kf5 78. Ra1 Kg4 79. Ra8 Rf7 80. Rg8+ Kf5 81. Rg2 Re7+ 82. Kf3 Ra7 83.
Re2 Ra3+ 84. Kg2 Kg4 85. Re4+ Kf5 86. Rb4 Rc3 87. Kf2 Ke5 88. Rb5+ Kd4 89. Rb4+
Kc5 90. Rb8 Kd4 91. Ke2 Rh3 92. Rd8+ Ke4 93. Re8+ Kd4 94. Rg8 Ke4 95. Rg4+ Kf5
96. Rc4 Ke5 97. Kd2 Kd5 98. Rc8 Kd4 99. Rd8+ Ke4 100. Rg8 Kf4 101. Ke2 Ke4 102.
Rg4+ Kf5 103. Rc4 Ke5 104. Kf2 Ra3 105. Ke2 Kd5 1/2-1/2

[Event "British Columbia-Nova Scotia School m"]
[Site "Online"]
[Date "2022.03.05"]
[Round "2.16"]
[White "Shan, Eric"]
[Black "Wen, Qijia"]
[Result "0-1"]
[WhiteElo "930"]
[BlackElo "933"]
[PlyCount "52"]
[EventDate "2022.03.05"]
[EventType "team (rapid)"]
[EventRounds "2"]
[EventCountry "CAN"]

1. e4 e5 2. Nf3 Nc6 3. Bc4 Bc5 4. d3 Nf6 5. Bg5 h6 6. Bh4 d6 7. h3 O-O 8. Nc3
Bb4 9. Qd2 Nd4 10. a3 Nxe4 11. Bxd8 Nxd2 12. Kxd2 Nxf3+ 13. gxf3 Bxc3+ 14. bxc3
Rxd8 15. d4 g6 16. Rag1 Kg7 17. Rg3 c5 18. Rhg1 cxd4 19. Rxg6+ fxg6 20. Bd3
dxc3+ 21. Kxc3 g5 22. h4 Rf8 23. hxg5 h5 24. Rh1 Rxf3 25. Kb2 Bg4 26. Be4 Rxf2
0-1

[Event "British Columbia-Nova Scotia School m"]
[Site "Online"]
[Date "2022.03.05"]
[Round "2.20"]
[White "Jeong, Edward"]
[Black "Winfield, Jordan"]
[Result "1-0"]
[WhiteElo "1387"]
[BlackElo "940"]
[PlyCount "43"]
[EventDate "2022.03.05"]
[EventType "team (rapid)"]
[EventRounds "2"]
[EventCountry "CAN"]

1. d4 d5 2. c4 Nf6 3. cxd5 Qxd5 4. Nc3 Qh5 5. Nf3 h6 6. Bf4 g5 7. Bxc7 Na6 8.
Bg3 Qg6 9. e3 Bg7 10. a3 O-O 11. Bd3 Bf5 12. Ne5 Bxd3 13. Nxg6 Bxg6 14. O-O Nh5
15. Rc1 Nxg3 16. hxg3 Rfd8 17. Qe2 f5 18. Rfd1 g4 19. Nb5 Rd5 20. Nc7 Nxc7 21.
Rxc7 f4 22. gxf4 1-0

[Event "British Columbia-Nova Scotia School m"]
[Site "Online"]
[Date "2022.03.05"]
[Round "2.23"]
[White "Bonnis, Antonia"]
[Black "Ahn, Hwiseong"]
[Result "0-1"]
[WhiteElo "762"]
[BlackElo "933"]
[PlyCount "54"]
[EventDate "2022.03.05"]
[EventType "team (rapid)"]
[EventRounds "2"]
[EventCountry "CAN"]

1. e4 c6 2. d3 d5 3. f3 dxe4 4. fxe4 e5 5. Nf3 Nf6 6. Nxe5 Bd6 7. Bf4 Qa5+ 8.
Bd2 Qxe5 9. Nc3 Bg4 10. Be2 Bxe2 11. Qxe2 Nbd7 12. O-O-O Qe6 13. d4 Bb4 14. e5
Nd5 15. Nxd5 Bxd2+ 16. Rxd2 Qxd5 17. c4 Qa5 18. e6 Nf6 19. exf7+ Kxf7 20. Rf1
Rae8 21. Qh5+ Qxh5 22. d5 Re2 23. Rd3 Qg5+ 24. Kd1 Rxb2 25. dxc6 Rb1+ 26. Ke2
Re8+ 27. Kf3 Rxf1# 0-1

[Event "British Columbia-Nova Scotia School m"]
[Site "Online"]
[Date "2022.03.05"]
[Round "2.24"]
[White "Xie, Tao"]
[Black "Kapra, Jerjis"]
[Result "0-1"]
[WhiteElo "1352"]
[BlackElo "1909"]
[PlyCount "135"]
[EventDate "2022.03.05"]
[EventType "team (rapid)"]
[EventRounds "2"]
[EventCountry "CAN"]

1. e4 d6 2. d4 Nf6 3. Bd3 Nbd7 4. f4 e5 5. c3 exd4 6. cxd4 c5 7. Nf3 Be7 8. O-O
O-O 9. Nc3 cxd4 10. Nxd4 Nc5 11. Bc2 Re8 12. Qf3 Bf8 13. Bd2 Qb6 14. Rab1 Ncxe4
15. Nxe4 Nxe4 16. Be3 Nd2 17. Bxd2 Qxd4+ 18. Rf2 Qc5 19. Bc3 Bf5 20. Bxf5 Qxf5
21. Rd1 b6 22. g4 Qe4 23. Qg3 d5 24. Rd4 Qb1+ 25. Kg2 Bc5 26. Rf1 Re2+ 27. Rf2
Rxf2+ 28. Qxf2 Bxd4 29. Qxd4 Qe4+ 30. Kf2 Qxd4+ 31. Bxd4 Re8 32. Be5 f6 33. Bd4
Re4 34. Be3 d4 35. Bd2 g6 36. Kf3 f5 37. h3 Kf7 38. a4 Ke6 39. a5 bxa5 40. Bxa5
d3 41. Bd2 Re2 42. Bc3 Kd5 43. gxf5 gxf5 44. b3 Rh2 45. Kg3 Rc2 46. Bb4 d2 47.
Bxd2 Rxd2 48. b4 Rd3+ 49. Kh4 Ke4 50. b5 Rb3 51. b6 axb6 52. Kh5 Rxh3+ 53. Kg5
Rg3+ 54. Kf6 Kxf4 55. Kf7 b5 56. Kf6 b4 57. Ke7 h5 58. Kf6 h4 59. Ke7 h3 60.
Kf6 h2 61. Ke7 Ke4 62. Kf6 f4 63. Ke6 f3 64. Kd6 f2 65. Kc5 b3 66. Kd6 b2 67.
Ke6 Kd3 68. Kd5 0-1

[Event "British Columbia-Washington m"]
[Site "Richmond CAN"]
[Date "2022.07.01"]
[Round "1.1"]
[White "Le, Quang Long"]
[Black "Liu, Austin"]
[Result "1-0"]
[WhiteElo "2420"]
[BlackElo "2015"]
[PlyCount "73"]
[EventDate "2022.07.01"]
[EventType "team"]
[EventRounds "5"]
[EventCountry "CAN"]
[WhiteTeam "BC"]
[BlackTeam "WA"]

1. Nf3 Nf6 2. c4 g6 3. b3 Bg7 4. Bb2 O-O 5. g3 d6 6. Bg2 e5 7. Nc3 Nc6 8. O-O
Nd7 9. d3 f5 10. e3 Nf6 11. a3 a5 12. Qc2 h6 13. Nd5 Nxd5 14. cxd5 Ne7 15. Rac1
c6 16. dxc6 bxc6 17. Nd2 d5 18. Rfd1 Ba6 19. Nf3 Qc7 20. d4 e4 21. Ne5 Rfc8 22.
Qc3 Rab8 23. a4 Rb7 24. Ba3 g5 25. Bxe7 Qxe7 26. Qxa5 Be2 27. Rxc6 Rd8 28. Re1
Bh5 29. Rec1 Rd6 30. Rxd6 Qxd6 31. Qa8+ Rb8 32. Rc8+ Rxc8 33. Qxc8+ Qf8 34.
Qe6+ Kh7 35. Qxd5 Qb4 36. g4 Qe1+ 37. Bf1 1-0

[Event "British Columbia-Washington m"]
[Site "Richmond CAN"]
[Date "2022.07.01"]
[Round "1.2"]
[White "Airapetian, Chouchanik"]
[Black "Kaufman, Raymond"]
[Result "0-1"]
[WhiteElo "1966"]
[BlackElo "2369"]
[PlyCount "92"]
[EventDate "2022.07.01"]
[EventType "team"]
[EventRounds "5"]
[EventCountry "CAN"]
[WhiteTeam "WA"]
[BlackTeam "BC"]

1. e4 c5 2. Nf3 e6 3. d4 cxd4 4. Nxd4 Nf6 5. Bd3 Nc6 6. Nb3 Be7 7. Nc3 O-O 8.
f4 d6 9. O-O a5 10. a4 Nb4 11. Kh1 Bd7 12. Qe1 Nxd3 13. cxd3 Qb6 14. Nd2 Rfc8
15. Nc4 Qa6 16. Be3 Rxc4 17. dxc4 Qxc4 18. e5 Ng4 19. exd6 Bxd6 20. Rd1 Bc6 21.
Rd4 Qa6 22. Bg1 Bc5 23. Rd2 Be7 24. h3 Nh6 25. Kh2 Nf5 26. Qe2 Qxe2 27. Rxe2 h5
28. Rd1 Bd6 29. Re5 Bc7 30. g3 h4 31. g4 Ne7 32. Bc5 Ng6 33. Bd6 Nxe5 34. fxe5
Bb6 35. Rd2 Rd8 36. Re2 Bf3 37. Rc2 Rc8 38. Rd2 f6 39. exf6 gxf6 40. Rd3 Bc6
41. Bf4 e5 42. Bc1 e4 43. Rd1 e3 44. Re1 Re8 45. Ne2 Bf3 46. Ng1 Bc7# 0-1

[Event "British Columbia-Washington m"]
[Site "Richmond CAN"]
[Date "2022.07.01"]
[Round "1.3"]
[White "Readey, John L"]
[Black "Oszvald, Joseph"]
[Result "1-0"]
[WhiteElo "2288"]
[BlackElo "2021"]
[PlyCount "51"]
[EventDate "2022.07.01"]
[EventType "team"]
[EventRounds "5"]
[EventCountry "CAN"]
[WhiteTeam "WA"]
[BlackTeam "BC"]

1. d4 Nf6 2. c4 d6 3. Nc3 Nbd7 4. Nf3 c6 5. e4 e5 6. g3 Be7 7. Bg2 O-O 8. O-O
Qc7 9. h3 Re8 10. Be3 Nf8 11. d5 c5 12. Ne1 Ng6 13. Nd3 Bd7 14. f4 Bf8 15. f5
Ne7 16. g4 h6 17. h4 Nh7 18. g5 hxg5 19. hxg5 g6 20. f6 Nc8 21. Kf2 Nb6 22. b3
a5 23. Rh1 a4 24. Rxh7 Kxh7 25. Qh1+ Kg8 26. Qh4 1-0

[Event "British Columbia-Washington m"]
[Site "Richmond CAN"]
[Date "2022.07.01"]
[Round "1.4"]
[White "Liu, Zachary"]
[Black "Sinanan, Joshua C"]
[Result "1/2-1/2"]
[WhiteElo "1905"]
[BlackElo "2286"]
[PlyCount "88"]
[EventDate "2022.07.01"]
[EventType "team"]
[EventRounds "5"]
[EventCountry "CAN"]
[WhiteTeam "BC"]
[BlackTeam "WA"]

1. e4 c5 2. Nf3 Nc6 3. d4 cxd4 4. Nxd4 Nf6 5. Nc3 e5 6. Ndb5 d6 7. Nd5 Nxd5 8.
exd5 Nb8 9. Qf3 Be7 10. Qc3 Na6 11. Be3 O-O 12. Nxa7 Nc5 13. Nb5 Bf5 14. Bxc5
dxc5 15. d6 Bf6 16. Qxc5 Qa5+ 17. c3 Rfc8 18. Qa3 Qb6 19. Qb4 e4 20. Be2 e3 21.
f3 Bd7 22. a4 Bxb5 23. Bxb5 e2 24. d7 Rxc3 25. bxc3 Qe3 26. Ra3 Qc1+ 27. Kf2
Qxh1 28. Bxe2 Qxh2 29. Qe4 Kf8 30. Bb5 Bh4+ 31. Ke3 Be7 32. Ra2 Qc7 33. Rc2 g6
34. Qd5 Kg7 35. f4 Bf6 36. c4 h5 37. Kf3 h4 38. c5 Rd8 39. c6 bxc6 40. Qxc6 Qa5
41. Qe4 Qa7 42. Rc1 Qa5 43. Rc2 Qa7 44. Rc1 Qa5 1/2-1/2

[Event "British Columbia-Washington m"]
[Site "Richmond CAN"]
[Date "2022.07.01"]
[Round "1.5"]
[White "Nunez Asencio, Jorge"]
[Black "Lu, Yiding"]
[Result "1-0"]
[WhiteElo "2284"]
[BlackElo "1961"]
[PlyCount "73"]
[EventDate "2022.07.01"]
[EventType "team"]
[EventRounds "5"]
[EventCountry "CAN"]
[WhiteTeam "BC"]
[BlackTeam "WA"]

1. d4 Nf6 2. Nf3 b6 3. c4 e6 4. a3 Bb7 5. Nc3 d5 6. cxd5 Nxd5 7. e3 Be7 8. Bb5+
c6 9. Bd3 O-O 10. e4 Nxc3 11. bxc3 c5 12. O-O cxd4 13. cxd4 Nc6 14. Bb2 Qd7 15.
Qe2 a6 16. Rad1 Na5 17. Rfe1 Bf6 18. h4 b5 19. d5 Bxb2 20. Qxb2 Rac8 21. Qb4
Nc4 22. Bxc4 Rxc4 23. Ne5 Rxb4 24. Nxd7 Rc4 25. Nxf8 Kxf8 26. dxe6 fxe6 27. f3
Ke7 28. Rc1 Bc6 29. Rxc4 bxc4 30. Rc1 Bb5 31. a4 Bxa4 32. Rxc4 Bb5 33. Rc7+ Kf6
34. Ra7 h6 35. Kf2 g5 36. h5 Be8 37. g4 1-0

[Event "British Columbia-Washington m"]
[Site "Richmond CAN"]
[Date "2022.07.02"]
[Round "2.1"]
[White "Mahajan, Rushaan"]
[Black "Le, Quang Long"]
[Result "0-1"]
[WhiteElo "2215"]
[BlackElo "2420"]
[PlyCount "84"]
[EventDate "2022.07.01"]
[EventType "team"]
[EventRounds "5"]
[EventCountry "CAN"]
[WhiteTeam "WA"]
[BlackTeam "BC"]

1. Nf3 g6 2. d4 Bg7 3. e4 d6 4. c3 Nf6 5. Bd3 O-O 6. O-O Nc6 7. Be3 h6 8. h3 e5
9. Re1 exd4 10. Nxd4 Ne5 11. Bc2 Nc4 12. Bc1 c5 13. Nf3 Be6 14. Nbd2 Nb6 15.
Nf1 Qc7 16. Bf4 Rad8 17. Ne3 Qc6 18. Nd2 d5 19. exd5 Nbxd5 20. Nxd5 Bxd5 21. f3
Nh5 22. Be3 Qc7 23. Qe2 Nf4 24. Qf2 b6 25. Ne4 f5 26. Nd2 g5 27. Bxf4 Qxf4 28.
Qe3 Qc7 29. Rad1 Qf7 30. a3 Rfe8 31. Qd3 Be4 32. fxe4 Rxd3 33. Bxd3 Kh8 34.
exf5 Rxe1+ 35. Rxe1 Qd7 36. Bc4 b5 37. Ba2 Bxc3 38. f6 Bxf6 39. Nf3 Bxb2 40.
Be6 Qd6 41. Bf5 c4 42. Re6 Qc5+ 0-1

[Event "British Columbia-Washington m"]
[Site "Richmond CAN"]
[Date "2022.07.02"]
[Round "2.2"]
[White "Kaufman, Raymond"]
[Black "Velea, Anne-Marie"]
[Result "0-1"]
[WhiteElo "2369"]
[BlackElo "2070"]
[PlyCount "78"]
[EventDate "2022.07.01"]
[EventType "team"]
[EventRounds "5"]
[EventCountry "CAN"]
[WhiteTeam "BC"]
[BlackTeam "WA"]

1. d4 d5 2. c4 e6 3. Nf3 Be7 4. g3 Nf6 5. Bg2 O-O 6. O-O c6 7. Nfd2 b6 8. Nc3
Bb7 9. e4 a5 10. Re1 Na6 11. e5 Nd7 12. cxd5 cxd5 13. Nc4 Rc8 14. Nd6 Bxd6 15.
exd6 Nf6 16. Bf4 Ne8 17. Nb5 Nb4 18. Na7 Ra8 19. a3 Rxa7 20. axb4 Nxd6 21. bxa5
bxa5 22. Qa4 Qb6 23. Rec1 Nc4 24. b3 Nb2 25. Qa3 Nd3 26. Bc7 Qxd4 27. Rf1 Bc6
28. Bd6 Rfa8 29. Rad1 Qc3 30. Rc1 Nxc1 31. Rxc1 Qd3 32. Rxc6 a4 33. Qc1 h6 34.
Rc8+ Rxc8 35. Qxc8+ Kh7 36. bxa4 Qb1+ 37. Bf1 Rxa4 38. Be5 Re4 39. Bc3 Rc4 0-1

[Event "British Columbia-Washington m"]
[Site "Richmond CAN"]
[Date "2022.07.02"]
[Round "2.3"]
[White "Yang, Jingyun (Ryan)"]
[Black "Readey, John L"]
[Result "1/2-1/2"]
[WhiteElo "2116"]
[BlackElo "2288"]
[PlyCount "65"]
[EventDate "2022.07.01"]
[EventType "team"]
[EventRounds "5"]
[EventCountry "CAN"]
[WhiteTeam "BC"]
[BlackTeam "WA"]

1. g3 d5 2. Bg2 e5 3. d4 exd4 4. Qxd4 Nf6 5. Bg5 Nc6 6. Qd1 Be6 7. Nf3 h6 8.
Bxf6 Qxf6 9. c3 Bc5 10. Nbd2 Rd8 11. O-O O-O 12. e3 Bb6 13. Nd4 Nxd4 14. cxd4
c6 15. Rc1 Qe7 16. Nb3 Rfe8 17. Nc5 Bc8 18. b4 Rd6 19. a4 a6 20. Qb3 h5 21. b5
axb5 22. axb5 Bc7 23. bxc6 bxc6 24. Nd3 Rh6 25. Nb4 Bd7 26. Nxd5 Qe6 27. Qb7
Bxg3 28. hxg3 cxd5 29. Qxd5 Qxd5 30. Bxd5 h4 31. Rc7 Rd8 32. e4 Be6 33. Ra1
1/2-1/2

[Event "British Columbia-Washington m"]
[Site "Richmond CAN"]
[Date "2022.07.02"]
[Round "2.4"]
[White "Moura, Eduardo"]
[Black "Anand, Vignesh"]
[Result "1/2-1/2"]
[WhiteElo "2205"]
[BlackElo "2023"]
[PlyCount "43"]
[EventDate "2022.07.01"]
[EventType "team"]
[EventRounds "5"]
[EventCountry "CAN"]
[WhiteTeam "BC"]
[BlackTeam "WA"]

1. e4 c5 2. c3 Nf6 3. e5 Nd5 4. d4 cxd4 5. Nf3 Nc6 6. cxd4 d6 7. Bc4 Nb6 8. Bb3
dxe5 9. d5 Na5 10. Nc3 Nxb3 11. Qxb3 e6 12. Nxe5 exd5 13. Be3 Bd6 14. Qb5+ Kf8
15. Nf3 Bd7 16. Qd3 Be6 17. O-O Nc4 18. Bd4 f6 19. Rfe1 Qd7 20. b3 Na5 21. Qe3
Kf7 22. Bxa7 1/2-1/2

[Event "British Columbia-Washington m"]
[Site "Richmond CAN"]
[Date "2022.07.02"]
[Round "2.5"]
[White "Sinanan, Joshua C"]
[Black "Nunez Asencio, Jorge"]
[Result "0-1"]
[WhiteElo "2286"]
[BlackElo "2284"]
[PlyCount "62"]
[EventDate "2022.07.01"]
[EventType "team"]
[EventRounds "5"]
[EventCountry "CAN"]
[WhiteTeam "WA"]
[BlackTeam "BC"]

1. d4 d5 2. c4 c6 3. Nf3 Nf6 4. Nc3 a6 5. a4 Bf5 6. e3 e6 7. Nh4 Be4 8. f3 Bg6
9. Nxg6 hxg6 10. Bd3 Bd6 11. f4 Nbd7 12. c5 Bc7 13. b4 Ng8 14. Qf3 g5 15. e4
gxf4 16. O-O Qf6 17. Ne2 g5 18. Rb1 Qh6 19. h3 Ngf6 20. exd5 Nxd5 21. b5 axb5
22. axb5 N7f6 23. bxc6 bxc6 24. Rb7 g4 25. hxg4 Qh2+ 26. Kf2 Qh4+ 27. Kg1 Nxg4
28. Qh3 Qxh3 29. gxh3 Rxh3 30. Bxf4 Bxf4 31. Nxf4 Rg3+ 0-1

[Event "British Columbia-Washington m"]
[Site "Richmond CAN"]
[Date "2022.07.02"]
[Round "3.1"]
[White "Velea, Anne-Marie"]
[Black "Yang, Brian"]
[Result "1/2-1/2"]
[WhiteElo "2070"]
[BlackElo "2035"]
[PlyCount "46"]
[EventDate "2022.07.01"]
[EventType "team"]
[EventRounds "5"]
[EventCountry "CAN"]
[WhiteTeam "WA"]
[BlackTeam "BC"]

1. e4 c5 2. Nf3 e6 3. d4 cxd4 4. Nxd4 Nc6 5. Nxc6 bxc6 6. Bd3 Nf6 7. O-O d5 8.
Nd2 Qc7 9. Qe2 Bd6 10. g3 O-O 11. Re1 Nd7 12. c4 Bb7 13. Nf3 Nc5 14. e5 Nxd3
15. exd6 Nxc1 16. dxc7 Nxe2+ 17. Rxe2 Rac8 18. cxd5 exd5 19. Re7 Rfe8 20. Rd7
Kf8 21. Rc1 Re7 22. Rd8+ Re8 23. Rd7 Re7 1/2-1/2

[Event "British Columbia-Washington m"]
[Site "Richmond CAN"]
[Date "2022.07.02"]
[Round "3.2"]
[White "Nunez Asencio, Jorge"]
[Black "Readey, John L"]
[Result "1/2-1/2"]
[WhiteElo "2284"]
[BlackElo "2288"]
[PlyCount "122"]
[EventDate "2022.07.01"]
[EventType "team"]
[EventRounds "5"]
[EventCountry "CAN"]
[WhiteTeam "BC"]
[BlackTeam "WA"]

1. d4 d5 2. c4 c6 3. Nf3 Nf6 4. Qc2 dxc4 5. Qxc4 Bg4 6. Nbd2 Nbd7 7. g3 e6 8.
Bg2 Be7 9. O-O O-O 10. Qb3 Qc7 11. Nc4 b5 12. Nce5 Nxe5 13. Nxe5 Bxe2 14. Re1
Bc4 15. Nxc4 bxc4 16. Qxc4 Nd5 17. Bxd5 exd5 18. Qc2 Bd6 19. Bd2 Qb6 20. Bc3
Rfe8 21. Qf5 Qc7 22. Rac1 Rxe1+ 23. Rxe1 g6 24. Qf6 Qd8 25. Qf3 Qd7 26. Qe2 Qb7
27. h4 h5 28. Kg2 Kg7 29. Bd2 Qd7 30. Bg5 f6 31. Qe6 Qxe6 32. Rxe6 fxg5 33.
Rxd6 gxh4 34. gxh4 Rb8 35. b3 Rb4 36. Rxc6 Rxd4 37. Rc7+ Kf6 38. Rxa7 Rxh4 39.
Rb7 Rd4 40. a4 Rd2 41. a5 Ra2 42. b4 Ke5 43. Rb6 g5 44. a6 Kd4 45. b5 Kc5 46.
Rb7 d4 47. a7 g4 48. b6 d3 49. Rb8 d2 50. b7 Kb6 51. a8=Q d1=Q 52. Rf8 Qd5+ 53.
Kg3 Qe5+ 54. Kh4 Qh2+ 55. Kg5 Qe5+ 56. Kg6 Qe4+ 57. Kxh5 Qh7+ 58. Kg5 Qg7+ 59.
Kh5 Qh7+ 60. Kg5 Qg7+ 61. Kh5 Qh7+ 1/2-1/2

[Event "British Columbia-Washington m"]
[Site "Richmond CAN"]
[Date "2022.07.02"]
[Round "3.3"]
[White "Pham, Bich Ngoc"]
[Black "Anand, Vignesh"]
[Result "1-0"]
[WhiteElo "2239"]
[BlackElo "2023"]
[PlyCount "59"]
[EventDate "2022.07.01"]
[EventType "team"]
[EventRounds "5"]
[EventCountry "CAN"]
[WhiteTeam "BC"]
[BlackTeam "WA"]

1. c4 Nf6 2. Nf3 g6 3. g3 c6 4. Bg2 Bg7 5. O-O O-O 6. d4 d5 7. Nbd2 Ne4 8. e3
Nxd2 9. Nxd2 e6 10. b3 b6 11. Bb2 Bb7 12. Qc2 Nd7 13. e4 Rc8 14. Rfd1 Qe7 15.
Rac1 dxc4 16. Nxc4 b5 17. Na5 Ba8 18. e5 c5 19. Bxa8 Rxa8 20. Nc6 Qe8 21. dxc5
Rc8 22. Nxa7 Rxc5 23. Qe2 Rxc1 24. Rxc1 Qa8 25. Rc7 Rd8 26. Nc6 Re8 27. Qf3 Rd8
28. Rxd7 Rxd7 29. Ne7+ Rxe7 30. Qxa8+ 1-0

[Event "British Columbia-Washington m"]
[Site "Richmond CAN"]
[Date "2022.07.02"]
[Round "3.4"]
[White "Le, Quang Long"]
[Black "Lu, Yiding"]
[Result "1-0"]
[WhiteElo "2420"]
[BlackElo "1961"]
[PlyCount "87"]
[EventDate "2022.07.01"]
[EventType "team"]
[EventRounds "5"]
[EventCountry "CAN"]
[WhiteTeam "BC"]
[BlackTeam "WA"]

1. Nf3 Nf6 2. c4 e6 3. g3 b6 4. Bg2 Bb7 5. O-O Be7 6. Nc3 O-O 7. b3 d5 8. cxd5
exd5 9. d4 Ne4 10. Bb2 f5 11. Ne5 Nd7 12. Nd3 Ndf6 13. f3 Nd6 14. Kh1 Qe8 15.
Bc1 h6 16. Bf4 Qh5 17. Be5 g5 18. e3 Qg6 19. Rc1 Rac8 20. Rf2 c6 21. Rfc2 Rf7
22. Nf2 Rcf8 23. Ne2 Nd7 24. Nd3 Ne8 25. Qd2 Bf6 26. Rxc6 Bxc6 27. Rxc6 Qg7 28.
f4 Bxe5 29. dxe5 Nb8 30. Rc2 Nc7 31. Nd4 Re8 32. Nb4 Rd7 33. Nbc6 Nxc6 34. Rxc6
Qh7 35. Qc2 Rf8 36. Bh3 g4 37. Bf1 Ne8 38. Bd3 Ng7 39. e6 Re7 40. Rc7 Rxc7 41.
Qxc7 Ne8 42. Qd7 Qxd7 43. exd7 Nd6 44. Ne6 1-0

[Event "British Columbia-Washington m"]
[Site "Richmond CAN"]
[Date "2022.07.02"]
[Round "3.5"]
[White "Mohammed Qanee, Arpak Worya"]
[Black "Mahajan, Rushaan"]
[Result "0-1"]
[WhiteElo "2143"]
[BlackElo "2215"]
[PlyCount "112"]
[EventDate "2022.07.01"]
[EventType "team"]
[EventRounds "5"]
[EventCountry "CAN"]
[WhiteTeam "BC"]
[BlackTeam "WA"]

1. Nf3 d5 2. c4 d4 3. g3 Nc6 4. d3 e5 5. Bg2 Bb4+ 6. Bd2 a5 7. O-O Nf6 8. a3
Be7 9. Bg5 Nd7 10. Bxe7 Qxe7 11. e3 O-O 12. exd4 exd4 13. Re1 Qf6 14. Nbd2 Nc5
15. Nb3 Nxb3 16. Qxb3 a4 17. Qc2 Bd7 18. Nd2 b6 19. Re2 Rae8 20. Ne4 Qg6 21.
Rae1 Ne5 22. h3 Bxh3 23. Bxh3 Nf3+ 24. Kf1 Nxe1 25. Rxe1 f5 26. Nd2 Qh5 27. Bg2
Rxe1+ 28. Kxe1 Re8+ 29. Kf1 Qe2+ 30. Kg1 Qe1+ 31. Kh2 Re2 32. Qxa4 Rxd2 33.
Qa8+ Kf7 34. Qd5+ Qe6 35. Qxd4 Qh6+ 36. Bh3 Qd6 37. Qxd6 cxd6 38. Kg1 Kf6 39.
Bf1 Rxb2 40. d4 Ra2 41. Kg2 Rxa3 42. f4 Ra2+ 43. Kf3 h6 44. Bd3 g5 45. fxg5+
hxg5 46. Ke3 Ra3 47. Ke2 f4 48. g4 Ra2+ 49. Kf3 Rd2 50. Ke4 Rg2 51. Kd5 f3 52.
Be4 Rg3 53. Bd3 f2 54. Be2 Rxg4 55. Kxd6 Rxd4+ 56. Kc6 Rd2 0-1

[Event "British Columbia-Washington m"]
[Site "Richmond CAN"]
[Date "2022.07.02"]
[Round "3.6"]
[White "Sinanan, Joshua C"]
[Black "Hemstapat, Andrew"]
[Result "0-1"]
[WhiteElo "2286"]
[BlackElo "2241"]
[PlyCount "69"]
[EventDate "2022.07.01"]
[EventType "team"]
[EventRounds "5"]
[EventCountry "CAN"]
[WhiteTeam "WA"]
[BlackTeam "BC"]

1. d4 Nf6 2. c4 g6 3. Nc3 Bg7 4. e4 d6 5. Nf3 O-O 6. Be2 e5 7. O-O Nc6 8. d5
Ne7 9. b4 Nh5 10. g3 f5 11. Ng5 Nf6 12. f3 f4 13. c5 h6 14. Ne6 Bxe6 15. dxe6
fxg3 16. hxg3 Nh5 17. Kg2 Nf4+ 18. gxf4 exf4 19. Qb3 Kh7 20. Rh1 Nc6 21. Bb2
Nd4 22. Qd1 dxc5 23. bxc5 Qg5+ 24. Kf1 Rfd8 25. Bd3 Qg3 26. Nd5 c6 27. Nc7 Nxf3
28. Bxg7 Nh4 29. Rxh4 Rxd3 30. Nxa8 Rxd1+ 31. Rxd1 Qxh4 32. Rd7 Qh3+ 33. Ke1
Qxe6 34. Rxb7 Qxe4+ 35. Kd2 0-1

[Event "British Columbia-Washington m"]
[Site "Richmond CAN"]
[Date "2022.07.03"]
[Round "4.1"]
[White "Velea, Anne-Marie"]
[Black "Pham, Bich Ngoc"]
[Result "1-0"]
[WhiteElo "2070"]
[BlackElo "2239"]
[PlyCount "135"]
[EventDate "2022.07.01"]
[EventType "team"]
[EventRounds "5"]
[EventCountry "CAN"]
[WhiteTeam "WA"]
[BlackTeam "BC"]

1. e4 c5 2. Nf3 Nc6 3. Bb5 g6 4. c3 Bg7 5. d4 cxd4 6. cxd4 a6 7. Ba4 Qb6 8. Nc3
e6 9. d5 Ne5 10. Nxe5 Bxe5 11. O-O Nf6 12. Be3 Qc7 13. f4 Bxc3 14. bxc3 O-O 15.
Qd4 Ng4 16. d6 Qa5 17. Bb3 Nxe3 18. Qxe3 f5 19. e5 b6 20. Qd4 Bb7 21. Qb4 Rac8
22. Qxa5 bxa5 23. Ba4 Rfd8 24. Rac1 Rc4 25. Bb3 Rc5 26. Rfd1 Kg7 27. g3 h6 28.
Kf2 g5 29. Ke3 Rdc8 30. c4 Bc6 31. Rd4 Rb8 32. Bd1 a4 33. Rd2 a3 34. Kd4 Ra5
35. Bb3 Be4 36. Rc3 Rb4 37. Rf2 Rd5+ 38. Ke3 Rc5 39. Kd4 Rc8 40. Rd2 a5 41. Bc2
Rb2 42. Ke3 Bd5 43. Bb3 a4 44. Bxa4 Rxc4 45. Rxa3 gxf4+ 46. gxf4 Re4+ 47. Kd3
Bc4+ 48. Kc3 Rb7 49. Bc6 dxc6 50. d7 Rxd7 51. Rxd7+ Kg6 52. Ra4 Bd5 53. Rxe4
Bxe4 54. a4 Kh5 55. Rg7 Kh4 56. a5 Kh3 57. a6 Kxh2 58. a7 c5 59. Rg8 h5 60.
a8=Q Bxa8 61. Rxa8 h4 62. Rg8 h3 63. Rg6 Kh1 64. Rxe6 h2 65. Rh6 Kg2 66. e6
h1=Q 67. Rxh1 Kxh1 68. e7 1-0